000 00276nam a22001217a 4500
008 170516b xxu||||| |||| 00| 0 eng d
041 _aeng
080 _23 ED
_a94(7/9)
100 _a16
101 _aSHH
245 _aFAMILY SYSTEMS AMERICA
_cREISS.I.L
942 _2udc
_cBK
999 _c13418
_d13418